000 00841nam a2200301I 4500
001 8348
003 BD-RjUL
005 20211208234554.0
008 730109s1960 xx 000 0 eng u
035 _aMITb10273415
035 _a(BD-RjUL)8393
035 _aGLIS00273415
040 _cWSU
_dOCL
_dMYG
_aBD-RjUL
_beng
041 _aeng
082 _a523.1
_bBOC 1960
090 _aQB981
_b.B711 1960
099 _aQB981.B711 1960
100 1 _aBondi, Hermann.
_926002
245 1 0 _aCosmology /
_cHermann Bondi
250 _a2d ed.
260 _aCambridge [Eng.] :
_bUniversity Press ,
_c1960
300 _a182 p. :
_bill. ;
_c21 cm.
490 1 _aCambridge monographs on physics
504 _aIncludes bibliography and index.
650 0 _aCosmology.
_926003
830 0 _aCambridge monographs on physics.
_9156837
942 _2ddc
_cBK
999 _c8348
_d8348